| 000 | 00550nam a2200169Ia 4500 | ||
|---|---|---|---|
| 003 | GCL | ||
| 008 | 140319s9999 xx 000 0 ara d | ||
| 040 |
_aGCL / _cGCL |
||
| 082 | 0 | 4 |
_a811.2 _bى ش |
| 100 | 1 | _aيحيى الجبورى | |
| 245 | 1 | 0 |
_aشعر المخضرمين : _bواثر الاسلام فية / _cيحيى الجبورى |
| 260 |
_a[S.N] : _bمؤسسة الرسالة ، _c1993 |
||
| 300 |
_a453 ص ؛ _c24 سم |
||
| 650 | 0 | 4 | _aالادب العربى |
| 650 | 0 | 4 | _aالشعر العربى - تاريخ ونقد |
| 942 |
_2ddc _cBK |
||
| 999 |
_c41758 _d41758 |
||